zpět

Detail výsledku týmu

Kentaur ST, Brno

Datum a čas kvízu

17 Celkem bodů Celkový počet nahraných bodů na tomto kvízu bez doplňovacích otázek.
7. Pořadí na kvízu Konečné umístění týmu na tomto kvízu.

Zaznamenané odpovědi

# Otázka Odpověď Body Výsledky
1. Minulý týden nastal poměrně vz... 9. 10. (2019) 1
2. Nobelovu cenu míru získal muž... Etiopie, premiér 0
3. Ti z Vás, kdo pravidelně sledu... zavedení lokalizované (české) verze nabídky 0
4. Společnost Adobe minulý týden... Venezuela 0
5. Fotbalová Zbrojovka Brno minul... SK Líšeň 0
6. Téma o Brazílii zvítězilo ve f... USA, Čína 0
7. Pokud bychom chtěli v říjnu 20... v Curychu 1
8. Tento světově proslulý brazils... Oscar Niemeyer 0
9. Typické brazilské jídlo se jme... fazole 0
10. Co se týče slavných osobností,... Alessandra Ambrosio 0